Constructivismo practico en el aula / (Registro nro. 39948)

Detalles MARC
000 -LEADER
fixed length control field 01454nam a2200289 4500
001 - CONTROL NUMBER
control field 0000015343
003 - CONTROL NUMBER IDENTIFIER
control field CO-CtgCURN
005 - DATE AND TIME OF LATEST TRANSACTION
control field 20250429224127.0
007 - PHYSICAL DESCRIPTION FIXED FIELD--GENERAL INFORMATION
fixed length control field ta
008 - FIXED-LENGTH DATA ELEMENTS--GENERAL INFORMATION
fixed length control field 160627s2007 000 0 eng d
020 ## - INTERNATIONAL STANDARD BOOK NUMBER
International Standard Book Number 9789682476762
040 ## - CATALOGING SOURCE
Original cataloging agency CO-CtgCURN
Language of cataloging spa
Transcribing agency coctgcurn
082 0# - DEWEY DECIMAL CLASSIFICATION NUMBER
Classification number 370.11
Item number T649
100 1# - MAIN ENTRY--PERSONAL NAME
Personal name Tovar González, Rafael Manuel.
245 10 - TITLE STATEMENT
Title Constructivismo practico en el aula /
Statement of responsibility, etc. Rafael Manuel Tovar González.
260 ## - PUBLICATION, DISTRIBUTION, ETC.
Place of publication, distribution, etc. Mexico :
Name of publisher, distributor, etc. Trillas,
Date of publication, distribution, etc. 2007.
300 ## - PHYSICAL DESCRIPTION
Extent 120 p.
336 ## - CONTENT TYPE
Source rdacontent
337 ## - MEDIA TYPE
Source rdamedia
Media type term sin mediacion
Media type code n
338 ## - CARRIER TYPE
Source rdacarrier
Carrier type term volumen
Carrier type code nc
504 ## - BIBLIOGRAPHY, ETC. NOTE
Bibliography, etc. note Incluye indice y bibliografia (p.115-116)
505 8# - FORMATTED CONTENTS NOTE
Formatted contents note Principios que rigen el perfil de los modelos educativos actuales.--Lineas ideologicas que han influido en los modelos educativos actuales.--Lineas ideologica recientes que se han dejado a un lado.--Ventajas e inconvenientes de los modelos educativos basados en estos criterios.--La antropología que esta en la base de un buen modelo educativo.--Principios que rigen una educación equilibrada.--·Cual modelo educativo podria paliar los inconvenientes señalados y contribuir a la obtencion de mejores resultados?.--Aplicaciones practicas de un modelo educativo que ayude a apreciar
650 14 - SUBJECT ADDED ENTRY--TOPICAL TERM
Topical term or geographic name entry element Educación
Form subdivision planeamiento.
908 ## - PUT COMMAND PARAMETER (RLIN)
Put command parameter 160627
942 ## - ADDED ENTRY ELEMENTS (KOHA)
Koha item type Libros
Classification part 370.11
Item part T649
Source of classification or shelving scheme Dewey Decimal Classification
Existencias
Withdrawn status Lost status Source of classification or shelving scheme Damaged status Not for loan Collection Home library Current library Shelving location Date acquired Inventory number Total checkouts Full call number Barcode Date last seen Price effective from Koha item type Public note
    Dewey Decimal Classification     General Miguel Henríquez Castañeda Miguel Henríquez Castañeda General 04/29/2025 015469   370.11 T649 015469 04/29/2025 04/29/2025 Libros 370-EDUCAC